| 000 | 01128cam a2200301 i 4500 | ||
|---|---|---|---|
| 999 |
_c24636 _d24636 |
||
| 001 | 24636 | ||
| 003 | Mx-PuUPA | ||
| 005 | 20240410103736.0 | ||
| 008 | 140415s19421969mx d r 000 0 spa d | ||
| 040 |
_aMx-PuUPA _bspa _cMx-PuUPA _dMx-PuUPA _erda |
||
| 041 | 1 |
_aspa _heng |
|
| 100 | 1 |
_aChandler, Lester V. _eautor |
|
| 240 | 1 | 3 |
_aAn introduction to monetary theory. _lEspañol |
| 245 | 1 | 0 |
_aIntroducción a la teoría monetaria / _cLester V. Chandler ; versión española, Manuel Jiménez B. |
| 250 | _aPrimera edición | ||
| 264 | 4 |
_aMéxico, D.F. : _bFondo de Cultura Económica, _c©1942 |
|
| 300 |
_a215 páginas : _bgráficas ; _c21 cm |
||
| 336 |
_2rdacontent _atexto _btxt |
||
| 337 |
_2rdamedia _asin medio _bn |
||
| 338 |
_2rdacarrier _avolumen _bnc |
||
| 490 | 0 | _aSección de obras de economía | |
| 650 | 4 |
_aMoneda _xTeoría cuantitativa de la moneda |
|
| 700 | 1 |
_aJiménez B., Manuel, _etraductor |
|
| 765 | 0 | 8 |
_aChandler, Lester V. _tAn introduction to monetary theory. _dNueva York : Harper & Brothers, ©1940 |
| 942 |
_2ddc _cLI _h332.4 _iC426 |
||